MCU Characters by Picture - Statistics

General Stats
  • This quiz has been taken 4,642 times
  • The average score is 12 of 13
Answer Stats
Picture Answer % Correct
Spider-Man
100%
Ironman
99%
Captain America
98%
Hulk
97%
Thanos
96%
Thor
96%
Black Panther
95%
Groot
94%
Rocket Raccoon
93%
Doctor Strange
92%
Nick Fury
89%
Star-Lord
84%
War Machine
75%
No matching quizzes found
Score Distribution
Percent of People with Each Score
Percentile by Number Answered
Your Score History
You have not taken this quiz